000 01513nam0a22003731 4500
001 RU\NLR\BIBL_A\022700449
005 20260118050520.0
010 _9600
021 _aRU
_b72-33047
035 _a(NLR Aleph) 022700449
035 _a(RuMoRGB)007313672
035 _a(RuMoELAR)1969-75-20502154
090 _a13515948
_c13515948
100 _a20260114d1972 u y0rusy50 ca
101 0 _arus
102 _aRU
105 _ay||||||||||||
181 0 _ai
_baxxe
182 0 _an
200 1 _aПеченочная недостаточность и вопросы трансплантации печени
_e[Сборник статей]
_fПод ред. [и с предисл.] чл.-кор. АМН СССР, проф. Г. М. Соловьева
203 _aТекст
_bвизуальный
_cнепосредственный
210 _aМосква
_c[б. и.]
_d1972
215 _a120 с.
_d22 см
225 1 _aНаучные труды
_fИн-т трансплантации органов и тканей Акад. мед. наук СССР
320 _aСписки лит. в конце статей
606 _aПеченочная недостаточность - Сборники
_2RKP
606 _aПечень - Пересадка - Сборники
_2RKP
686 _aР413.51-323я43
_2rubbk
686 _aР457.445.51-99я43
_2rubbk
702 1 _aСоловьев
_bГ. М.
_gГлеб Михайлович
852 _aNLR
_j72-5/299
942 _cBOOK
980 _aNB